00553nam a2200193 a 4500001001300000003000900013005001700022008004100039020001000080082001500090100002400105245003300129260004800162300000800210500003500218505005200253650003000305700002400335nice12345678IN_TiNIC20260116012553.0050524s1964 lona grp 000 0 eng  ac10000a232.5bMUR aMurray, G R Beasley aResurrection of Jesus Christ aLondonbOliphant Anderson and Ferrierc1964 a48p aincludes index and biblioraphy2 a6th revised edition hyderabad deccan 1403H-1983 aJesus Christ-Resurrection1 aMurray, G R Beasley